Central Library OPAC University of Rajshahi

اردو ادب میں طنز و مزاح ;; urdu Adab min tanaj wa mijah / (Record no. 83447)

MARC details
000 -LEADER
fixed length control field 00752nam a2200205 4500
001 - CONTROL NUMBER
control field 83447
003 - CONTROL NUMBER IDENTIFIER
rucl marc code BD-RjUL
005 - DATE AND TIME OF LATEST TRANSACTION
control field 20240321151954.0
008 - FIXED-LENGTH DATA ELEMENTS--GENERAL INFORMATION
fixed length control field 230410s1966 pk ||||| |||| 00| 0 urd d
035 ## - SYSTEM CONTROL NUMBER
System control number (BD-RjUL)83447
040 ## - CATALOGING SOURCE
Original cataloging agency BD-RjUL
Language of cataloging eng
Transcribing agency BD-RjUL
041 ## - LANGUAGE CODE
Language code of text/sound track or separate title urd
082 ## - DEWEY DECIMAL CLASSIFICATION NUMBER
Edition number 23
Classification number 891.43909
Author mark and year KAU 1964
100 ## - MAIN ENTRY--PERSONAL NAME
Personal name کاکوروی٫ غلام احمد فرقت ;; Kakurvi, Ghulam Ahmad Farqat
9 (RLIN) 7301
245 10 - TITLE STATEMENT
Title اردو ادب میں طنز و مزاح ;; urdu Adab min tanaj wa mijah /
Statement of responsibility, etc. غلام احمد فرقت کاکوروی ;;Ghulam Ahmad Farqat Kakurvi
260 ## - PUBLICATION, DISTRIBUTION, ETC. (IMPRINT)
Place of publication, distribution, etc. Lakhnuw :
Name of publisher, distributor, etc. Matbah Sarfaraj press ,
Date of publication, distribution, etc. 1964
300 ## - PHYSICAL DESCRIPTION
Pagination V. ; ;
Size 18 c m
650 ## - SUBJECT ADDED ENTRY--TOPICAL TERM
Topical term or geographic name as entry element Urdu Literature
Form subdivision History history & Criticism
9 (RLIN) 7302
942 ## - ADDED ENTRY ELEMENTS (KOHA)
Source of classification or shelving scheme Dewey Decimal Classification
Koha item type Books
Holdings
Lost status Source of classification or shelving scheme Damaged status Not for loan Collection code Permanent Location Current Location Shelving location Date acquired Source of acquisition Cost, normal purchase price Total Checkouts Full call number Date last seen Copy number Koha item type
  Dewey Decimal Classification   Not For Loan Non-fiction Central Library, University of Rajshahi Central Library, University of Rajshahi Reading Room 17/05/1968 Kegan poul 4.10   U 891.43909 KAU 1964 21/03/2024 C-1 Books
  Dewey Decimal Classification     Non-fiction Central Library, University of Rajshahi Central Library, University of Rajshahi General Stacks 22/07/2025       U 891.43909 KAU 1964 22/07/2025 C-2 Books
  Dewey Decimal Classification     Non-fiction Central Library, University of Rajshahi Central Library, University of Rajshahi General Stacks 17/05/1968 Regan poul 4.10   U 891.43909 KAU 1964 11/01/2026 C-4 Books